[Event "HUN-chT2 Charousek 1718"]
[Site "Hungary"]
[Date "2018.03.25"]
[Round "8.4"]
[White "Molnar, Bela"]
[Black "Csuta, Akos Koppany"]
[Result "1/2-1/2"]
[WhiteElo "2286"]
[BlackElo "2199"]
[PlyCount "94"]
[EventDate "2017.10.29"]
[EventType "team-tourn"]
[EventRounds "9"]
[EventCountry "HUN"]
[SourceTitle "EXT 2020"]
[Source "ChessBase"]
[SourceDate "2019.10.17"]
[SourceVersion "1"]
[SourceVersionDate "2019.10.17"]
[SourceQuality "1"]
[WhiteTeam "Paks ASE II"]
[BlackTeam "Gyor Szechenyi"]
[WhiteTeamCountry "HUN"]
[BlackTeamCountry "HUN"]

1. e4 c5 2. Nf3 e6 3. d4 cxd4 4. Nxd4 Nc6 5. Nc3 Qc7 6. Be3 a6 7. a3 Nf6 8. f4 d6 9. Qf3 Be7 10. 0-0-0 Nxd4 11. Bxd4 Bd7 12. Bd3 Rc8 13. Rhf1 e5 14. fxe5 dxe5 15. Nd5 Qd6 16. Be3 0-0 17. Bxa6 Nxd5 18. Rxd5 Qxa6 19. Rxd7 Rxc2+ 20. Kxc2 Qa4+ 21. Kb1 Qxd7 22. Qd1 Qb5 23. Rf2 Rd8 24. Rd2 Rxd2 25. Qxd2 Bxa3 26. Qd8+ Bf8 27. Qd5 Qe2 28. Bc1 b5 29. Qxe5 b4 30. b3 Qd3+ 31. Ka2 Qc2+ 32. Bb2 Qxg2 33. h4 h6 34. h5 Qg5 35. Kb1 Be7 36. Qf5 Qxf5 37. exf5 g6 38. fxg6 fxg6 39. hxg6 h5 40. Be5 h4 41. Kc2 h3 42. Kd3 Bf6 43. Bd6 Kg7 44. Ke4 Kxg6 45. Kf3 Bc3 46. Kg4 Kf6 47. Kxh3 Kf5 1/2-1/2

[Event "Marianske Lazne op 17th"]
[Site "Marianske Lazne"]
[Date "2018.01.23"]
[Round "4"]
[White "Grela, Kacper"]
[Black "Molnar, Bela"]
[Result "1/2-1/2"]
[WhiteElo "2294"]
[BlackElo "2278"]
[PlyCount "59"]
[EventDate "2018.01.20"]
[EventType "swiss"]
[EventRounds "9"]
[EventCountry "CZE"]
[SourceTitle "CBM 182 Extra"]
[Source "ChessBase"]
[SourceDate "2018.02.23"]
[SourceVersion "1"]
[SourceVersionDate "2018.02.23"]
[SourceQuality "1"]

1. e4 c5 2. Nf3 Nc6 3. d4 cxd4 4. Nxd4 e5 5. Nb5 d6 6. N1c3 a6 7. Na3 Be7 8. Nc4 b5 9. Ne3 Nf6 10. Ned5 Be6 11. Be3 0-0 12. a4 b4 13. Nxf6+ Bxf6 14. Nd5 Nd4 15. Bd3 Bxd5 16. exd5 g6 17. 0-0 Re8 18. f3 Qc8 19. Rc1 Qb7 20. g4 b3 21. c3 Nc2 22. Bxc2 bxc2 23. Rxc2 a5 24. b4 axb4 25. Rb2 Ra5 26. cxb4 Rxd5 27. Rd2 Rxd2 28. Qxd2 d5 29. Bc5 Qc6 30. a5 1/2-1/2

[Event "HUN-chT2 Charousek 1718"]
[Site "Hungary"]
[Date "2017.12.17"]
[Round "4.6"]
[White "Volosin, Vladimir"]
[Black "Molnar, Bela"]
[Result "1-0"]
[WhiteElo "2295"]
[BlackElo "2283"]
[PlyCount "57"]
[EventDate "2017.10.29"]
[EventType "team-tourn"]
[EventRounds "9"]
[EventCountry "HUN"]
[SourceTitle "EXT 2020"]
[Source "ChessBase"]
[SourceDate "2019.10.17"]
[SourceVersion "1"]
[SourceVersionDate "2019.10.17"]
[SourceQuality "1"]
[WhiteTeam "Szentgotthard Alsoszolnok"]
[BlackTeam "Paks ASE II"]
[WhiteTeamCountry "HUN"]
[BlackTeamCountry "HUN"]

1. c4 Nf6 2. Nc3 g6 3. e4 d6 4. g3 Bg7 5. Bg2 0-0 6. Nge2 c5 7. 0-0 Nc6 8. h3 Ne8 9. d3 Nc7 10. Rb1 Ne6 11. a3 a5 12. Kh2 Ned4 13. Nxd4 Nxd4 14. Ne2 a4 15. Nxd4 Bxd4 16. b4 axb3 17. Qxb3 Bd7 18. f4 Ba4 19. Qa2 Ra7 20. f5 Qc7 21. Qe2 Bc6 22. h4 Raa8 23. h5 g5 24. Bxg5 Rxa3 25. Bh6 Qc8 26. f6 exf6 27. Bh3 Bd7 28. Bxd7 Qxd7 29. Rf5 1-0

[Event "Arco op-A 39th"]
[Site "Arco"]
[Date "2017.10.10"]
[Round "4"]
[White "Molnar, Bela"]
[Black "Horvath, Csaba"]
[Result "0-1"]
[WhiteElo "2290"]
[BlackElo "2507"]
[PlyCount "70"]
[EventDate "2017.10.07"]
[EventType "swiss"]
[EventRounds "9"]
[EventCountry "ITA"]
[SourceTitle "CBM 181 Extra"]
[Source "ChessBase"]
[SourceDate "2017.12.12"]
[SourceVersion "1"]
[SourceVersionDate "2017.12.12"]
[SourceQuality "1"]

1. d4 Nf6 2. c4 e6 3. Nc3 Bb4 4. f3 d5 5. a3 Bxc3+ 6. bxc3 c5 7. cxd5 exd5 8. e3 Qc7 9. Bd3 cxd4 10. cxd4 Qc3+ 11. Qd2 Qxa1 12. Ne2 b6 13. Nc3 Ba6 14. Bb1 Nc6 15. Bb2 Qxb1+ 16. Nxb1 0-0 17. Bc3 Bc4 18. Kf2 a5 19. Re1 b5 20. e4 b4 21. Bb2 Rfe8 22. e5 Nd7 23. f4 f5 24. g4 fxg4 25. Kg3 Ne7 26. Kxg4 Ra6 27. f5 Nxf5 28. e6 Raxe6 29. Rxe6 Rxe6 30. Kxf5 Re4 31. Qc2 g6+ 32. Kg5 Kg7 33. Qxe4 dxe4 34. axb4 axb4 35. d5+ Kf7 0-1

[Event "Marianske Lazne op 16th"]
[Site "Marianske Lazne"]
[Date "2017.01.25"]
[Round "6"]
[White "Koziol, Kamil"]
[Black "Molnar, Bela"]
[Result "0-1"]
[WhiteElo "2172"]
[BlackElo "2291"]
[PlyCount "66"]
[EventDate "2017.01.21"]
[EventType "swiss"]
[EventRounds "9"]
[EventCountry "CZE"]
[SourceTitle "CBM 176 Extra"]
[Source "ChessBase"]
[SourceDate "2017.03.02"]
[SourceVersion "1"]
[SourceVersionDate "2017.03.02"]
[SourceQuality "1"]

1. e4 c5 2. Nf3 d6 3. d4 cxd4 4. Nxd4 Nf6 5. Nc3 a6 6. Be3 e6 7. f3 b5 8. Qd2 Nbd7 9. 0-0-0 Bb7 10. g4 Nb6 11. Qf2 Nfd7 12. Kb1 Rc8 13. Nce2 Qc7 14. Ng3 d5 15. e5 Na4 16. f4 Ndc5 17. Bc1 Ne4 18. Nxe4 dxe4 19. Bg2 Bb4 20. Qe2 Bd5 21. Bxe4 Bc4 22. Qf3 0-0 23. Nc6 Bc5 24. Qh3 g6 25. f5 Bd5 26. f6 Rfe8 27. Rxd5 exd5 28. Bxd5 Nb6 29. Be3 Nxd5 30. Bxc5 Qxc6 31. Qh6 Nxf6 32. Rf1 Nxg4 33. Qf4 Qxc5 0-1

[Event "Marianske Lazne op 16th"]
[Site "Marianske Lazne"]
[Date "2017.01.24"]
[Round "4"]
[White "Brem, Stephan"]
[Black "Molnar, Bela"]
[Result "0-1"]
[WhiteElo "2054"]
[BlackElo "2291"]
[PlyCount "80"]
[EventDate "2017.01.21"]
[EventType "swiss"]
[EventRounds "9"]
[EventCountry "CZE"]
[SourceTitle "CBM 176 Extra"]
[Source "ChessBase"]
[SourceDate "2017.03.02"]
[SourceVersion "1"]
[SourceVersionDate "2017.03.02"]
[SourceQuality "1"]

1. b3 e5 2. Bb2 Nc6 3. e3 d6 4. g3 g6 5. Bg2 Bg7 6. Ne2 h5 7. d4 h4 8. Na3 Nge7 9. Qd2 Bg4 10. d5 Nb8 11. f4 Nd7 12. c4 Nc5 13. Rg1 h3 14. Bh1 0-0 15. Nc3 Qd7 16. b4 Na4 17. Nxa4 Qxa4 18. Be4 Qd7 19. Nb5 a6 20. Nc3 Rae8 21. Kf2 f5 22. Bf3 Bxf3 23. Kxf3 g5 24. Rae1 g4+ 25. Kf2 Ng6 26. Rgf1 Bh6 27. Kg1 exf4 28. exf4 Rxe1 29. Rxe1 Ne5 30. Rxe5 dxe5 31. Ne2 Re8 32. Qc3 Bg7 33. Qc2 exf4 34. Nxf4 Re1+ 35. Kf2 Rh1 36. Ke3 Qe7+ 37. Ne6 Bh6+ 38. Kd3 Qxb4 39. Bc3 Qa3 40. Nf4 Bxf4 0-1

[Event "Marianske Lazne op 16th"]
[Site "Marianske Lazne"]
[Date "2017.01.23"]
[Round "3"]
[White "Molnar, Bela"]
[Black "Garabetyan, Arno"]
[Result "1-0"]
[WhiteElo "2291"]
[BlackElo "2037"]
[PlyCount "83"]
[EventDate "2017.01.21"]
[EventType "swiss"]
[EventRounds "9"]
[EventCountry "CZE"]
[SourceTitle "CBM 176 Extra"]
[Source "ChessBase"]
[SourceDate "2017.03.02"]
[SourceVersion "1"]
[SourceVersionDate "2017.03.02"]
[SourceQuality "1"]

1. e4 c5 2. Nf3 e6 3. d4 cxd4 4. Nxd4 a6 5. Nc3 Qc7 6. g3 b5 7. Bg2 Bb7 8. 0-0 Nf6 9. Re1 d6 10. a4 e5 11. Nd5 Nxd5 12. exd5 Be7 13. Nf5 Bf6 14. axb5 0-0 15. b6 Qxb6 16. Be3 Qd8 17. h4 g6 18. Nh6+ Kh8 19. Qf3 Nd7 20. Bh3 Bc8 21. c4 e4 22. Qxe4 Ne5 23. Bg2 Bg7 24. c5 f5 25. Qc2 Rb8 26. cxd6 Rxb2 27. Qxb2 Nf3+ 28. Bxf3 Bxb2 29. Rac1 f4 30. gxf4 Qxh4 31. Rxc8 Rxc8 32. Nf7+ Kg7 33. d7 Rf8 34. Ng5 Rd8 35. Ne6+ Kf7 36. Nxd8+ Qxd8 37. Rb1 Bf6 38. Rb7 Kf8 39. d6 Qa5 40. Bb6 Qe1+ 41. Kg2 Qb1 42. d8Q+ 1-0

[Event "HUN-chT 1617"]
[Site "Hungary"]
[Date "2016.11.27"]
[Round "3.12"]
[White "Molnar, Bela"]
[Black "Papp, Tamas1111"]
[Result "0-1"]
[WhiteElo "2295"]
[BlackElo "2311"]
[PlyCount "100"]
[EventDate "2016.10.30"]
[EventType "team-tourn"]
[EventRounds "9"]
[EventCountry "HUN"]
[SourceTitle "EXT 2018"]
[Source "ChessBase"]
[SourceDate "2017.10.13"]
[SourceVersion "1"]
[SourceVersionDate "2017.10.13"]
[SourceQuality "1"]
[WhiteTeam "Paks"]
[BlackTeam "Penzugyor"]
[WhiteTeamCountry "HUN"]
[BlackTeamCountry "HUN"]

1. e4 c5 2. Nf3 e6 3. d4 cxd4 4. Nxd4 a6 5. Nc3 Qc7 6. Bd3 Nc6 7. Nb3 b5 8. 0-0 Nf6 9. f4 d6 10. Qf3 Bb7 11. Bd2 h5 12. Rae1 Ng4 13. Kh1 g6 14. Re2 Bg7 15. a3 Kf8 16. Qg3 Kg8 17. h3 Qb6 18. a4 b4 19. a5 Qc7 20. Na4 Nf6 21. Qh4 Nxa5 22. f5 Nxb3 23. cxb3 Ng4 24. f6 Bf8 25. Bf4 Ne5 26. Rc1 Qd8 27. Rd1 Rc8 28. Be3 Nd7 29. Bc4 Qxf6 30. Bg5 Qg7 31. e5 d5 32. Bd3 Qh7 33. Rde1 Qg7 34. Qd4 Bc6 35. Bf6 Nxf6 36. exf6 Qh6 37. Bxa6 Ra8 38. Qb6 Bxa4 39. bxa4 Qf4 40. Rxe6 fxe6 41. Qxe6+ Kh7 42. Bd3 Ra7 43. Re5 Bh6 44. Rf5 Qe3 45. Qxd5 Rf8 46. Rf1 Qg5 47. Qd4 Raf7 48. h4 Qg4 49. Be4 Rd8 50. Bxg6+ Kxg6 0-1